Intermediate algebra

This book represent problems about the real number system and geometry, variables and exponents, linear equations and inequalities,..

Uloženo v:
Podrobná bibliografie
Hlavní autor: Messersmith, Sherri
Médium: Kniha
Jazyk:Undetermined
Vydáno: New York McGraw-Hill 2012
Témata:
Tagy: Přidat tag
Žádné tagy, Buďte první, kdo otaguje tento záznam!
Thư viện lưu trữ: Trung tâm Học liệu Trường Đại học Cần Thơ
LEADER 00643nam a2200205Ia 4500
001 CTU_207989
008 210402s9999 xx 000 0 und d
020 |c 117.75 
082 |a 512.9 
082 |b M584 
100 |a Messersmith, Sherri 
245 0 |a Intermediate algebra 
245 0 |c Sherri Messersmith 
260 |a New York 
260 |b McGraw-Hill 
260 |c 2012 
520 |a This book represent problems about the real number system and geometry, variables and exponents, linear equations and inequalities,.. 
650 |a Algebra,Đại số 
904 |i Hải 
980 |a Trung tâm Học liệu Trường Đại học Cần Thơ